00573nam a2200169Ia 450000500170000000800410001702000150005808200130007310000180008624500690010426000480017330000120022150000540023394200060028795200950029399900150038820250620024143.0240331s9999 xx 000 0 und d a9559102168 bTHEa323 aThennakoon, S 0aSri Lankawe sanskruthiya ha mathawathayapilibanda dheshapalanaya aColombobSocial Scientist Associationc1998 a89 p ., aThe politics of Culture and ideology in Sri Lanka cL 001040708LaWERCLbWERCLcSSCd2024-03-31l0o 323 THEp4856r2024-03-31w2024-03-31yL c2407d2407